01069nam a22002417a 4500003000900000005001700009007000300026008003600029020001800065040002500083082003100108100003600139245032000175250001100495260003600506300002100542651005900563651005200622700002600674700003200700700003100732710006400763DO-SdBNP20250116120725.0ta210914b 2021 dr c 00| 0 eng d a9789945922158 aDO-SdBNPbspacBNPHU 4a304.87293bC118L, 20212221 aCáceres Ureña, Francisco I.13aLa otra inmigración :bestudio sobre las corrientes de inmigración de procedencia extrainsular y la integración social y económica de los inmigrantes de las principales comunidades etnonacionales /cFrancisco I. Cáceres Ureña, Frank Báez Evertz, César Andrés Caamaño ; prólogo Wilfredo Lozano a2a ed. aSanto Domingo :bINMRD, c2021. a273 p. ;c23 cm. 4aRepública DominicanaxEmigración e inmigración  4aRepública DominicanaxPoblación extranjera 1 aBáez Evertsz, Frank1 aCaamaño, César Andrés1 aLozano, Wilfredo,epról.1 a Instituto Nacional de Migración (República Dominicana)